000 01113nam a2200133Ia 4500
008 220621s9999||||xx |||||||||||||| ||und||
020 _a9783040000000
245 0 _aGreener Catalysis for Environmental Applications
546 _aEnglish[eng]
650 _aselectivity tuning||CO2 methanation||reverse water gas shift||photocatalysis||dye||UV||peroxydisulfate||advanced oxidation process||Fischer-Tropsch||jet fuel||gasoline||CoMn||hydrotalcite-like precursors||heterogeneous catalysis||montmorillonite||benzimidazoles||gallium||vanadium||hydrodesulfurization||hydrogenation||synthesis method||catalysis||zero valent iron||de-chlorination||borohydride||sol-gel||ferromagnetic||glycine–nitrate process||copper-based nanoparticles||photocatalysis activity||NP9EO||Fenton degradation||ofloxacin||Fe3O4||zeolite||heterogeneous||ion exchange resins||waste cooking oil||reuse of catalyst||epoxidation||Circular Economy||contaminants of emerging concern||advanced oxidation processes||by-products||n/a
700 _aWacławek, Stanisław
856 _uhttps://mdpi.com/books/pdfview/book/5344
942 _cEB
999 _c35981
_d35981